| 000 | 01775cam a2200397 i 4500 | ||
|---|---|---|---|
| 001 | on1381774961 | ||
| 003 | OCoLC | ||
| 005 | 20250721161507.0 | ||
| 008 | 230405t20232022enka a 000 1 eng d | ||
| 020 |
_a9781035022113 _q(board book) |
||
| 020 |
_a1035022117 _q(board book) |
||
| 035 | _a(OCoLC)1381774961 | ||
| 035 | _a1782233 | ||
| 040 |
_aUKMGB _beng _erda _cUKMGB _dOCLCF _dOCLCQ _dOCLCO _dOI6 _dOCLCO _dRB0 _dMZC _dDAD |
||
| 092 |
_achildren board book _bDavid |
||
| 100 | 1 |
_aDavid, Donna, _eauthor. _96494269 |
|
| 245 | 1 | 0 |
_aCars cars cars! : _bfind your favorite! / _cDonna David ; illustrations Nina Pirhonen. |
| 264 | 1 |
_aLondon : _bMacmillan Children's Books, an imprint of Pan Macmillan, _c2023. |
|
| 264 | 4 | _c©2022. | |
| 300 |
_a1 unnumbered volume : _bcolor illustrations ; _c19 cm. |
||
| 336 | _atext | ||
| 337 | _aunmediated | ||
| 338 | _avolume | ||
| 500 | _aIncludes one fold-out board page. | ||
| 500 | _aOn board pages. | ||
| 500 | _aOriginally published: 2022. | ||
| 500 | _aCover title. | ||
| 520 | _aFull of spotting and counting fun, with different cars to follow on each page and an exciting fold-out race at the end, this rhyming preschool picture book from Donna David and Nina Pirhonen has been specially developed to encourage pre-reading skills and expand language and vocabulary. With action-packed scenes and fun read aloud text, Cars Cars Cars! is perfect for any transport-obsessed toddler!-- | ||
| 650 | 0 |
_aAutomobiles _vJuvenile fiction. _95704217 |
|
| 650 | 0 |
_aCounting _vJuvenile fiction. _95693413 |
|
| 650 | 0 | _aBoard books. | |
| 655 | 7 |
_aStories in rhyme. _2lcgft. |
|
| 655 | 7 |
_aBoard books. _2lcgft. |
|
| 700 | 1 |
_aPirhonen, Nina, _eartist. _96494270 |
|
| 942 |
_2ddc _cBOOK |
||
| 999 |
_c410070 _d410070 |
||